000 01211nam a22003497a 4500
003 CHAP
005 20220329134430.0
008 971013s1977 r 00010 d
010 _a20425
011 _a21397
035 _a25487
040 _cCHAP
082 _a637.1
_bJ8Y 1972
100 0 0 _aJuergenson, Elwood M.
_962280
245 _aPrácticas aprobadas en la producción de leche
260 _aMéxico, D.F. :
_bCECSA,
_c1977
300 _a309 p.
_b: ilus.
500 _aTrad. de la 3 ed. en inglés de 1972
590 _aBATCH-UPD
_b10
_c20130110
_lUCH01
_h1601
590 _aBATCH-UPD
_b10
_c20130410
_lUCH01
_h0958
590 _aBATCH-UPD
_b10
_c20130914
_lUCH01
_h1515
590 _aCONVERSION
_b10
_c20130109
_lUCH01
_h1312
650 1 4 _aGanado lechero.
_945237
650 1 4 _aIndustria lechera.
_957819
650 1 4 _aLeche
_xProducción.
_965400
700 0 _aMortenson, W. P.
_978953
901 _aBK
942 _cLIBRO
949 _a637.1 J8Y 1972
_bBC
_cLIBRO
_d33724000103537
_eLIBRO
_fc.3
_h50558
_i25487
_si
_t200.00
949 _a637.1 J8Y 1972
_bBC
_cLIBRO
_d33724000103818
_eLIBRO
_fc.2
_h50557
_i25487
_si
_t200.00
949 _a637.1 J8Y 1972
_bBC
_cLIBRO
_d33724002062074
_eLIBRO
_h45326
_i25487
_si
_t200.00
999 _c20425
_d20425